Welcome to the Holygrace Academy Library

Please use search bar below to get started

COMPANION CHEMISTRY (Record no. 533)

MARC details
000 -LEADER
fixed length control field 00301nam a22001217a 4500
020 ## - INTERNATIONAL STANDARD BOOK NUMBER
ISBN 978-81-7608-431-4
082 ## - DEWEY DECIMAL CLASSIFICATION NUMBER
Classification number 540
Item number MAL/C
100 ## - MAIN ENTRY--AUTHOR NAME
Personal name S.K.MALHOTRA
245 ## - TITLE STATEMENT
Title COMPANION CHEMISTRY
Remainder of title CLASS XI - VOL II
260 ## - PUBLICATION, DISTRIBUTION, ETC. (IMPRINT)
Place of publication JALANDHAR
Name of publisher S.DINESH & CO
650 ## - SUBJECT ADDED ENTRY--TOPICAL TERM
Topical Term CHEMISTRY FOR CLASSXI
Geographic subdivision INDIA
942 ## - ADDED ENTRY ELEMENTS (KOHA)
Koha item type Books
Holdings
Withdrawn status Lost status Collection code Home library Current library Shelving location Date acquired Source of acquisition Full call number Accession Number Koha item type Cost, normal purchase price
    Reference Main Library Main Library   06/12/2019 purchase 540 MAL/C 12167 Books  
    Reference Main Library Main Library   06/12/2019 purchase 540 MAL/C 12169 Books  
    Reference Main Library Main Library   06/12/2019 purchase 540 MAL/C 12161 Books 1175.00